Comportements et attitudes sexuels et leurs implications sur le droit pénal: rapports présentés à la quinzième Conférence de Recherches Criminologiques (1982)
| Corporate Authors: | ; |
|---|---|
| Format: | Print Book |
| Language: | French |
| Published: |
Strasbourg
Conseil de l'Europe
1984
|
| In: |
Etudes relatives à la recherche criminologique (21)
Year: 1984 |
| Availability in Tübingen: | Present in Tübingen. UB: KB 7 E 45 |
| Check availability: | HBZ Gateway |
| Subito Delivery Service: | Order now. |
| Keywords: | |
| Parallel Edition: | Engl. Ausg. u.d.T: Sexual behaviour and attitudes and their implications for criminal law: |
MARC
| LEADER | 00000cam a22000002c 4500 | ||
|---|---|---|---|
| 001 | 1651065365 | ||
| 003 | DE-627 | ||
| 005 | 20220609105446.0 | ||
| 007 | tu | ||
| 008 | 900802s1984 xx ||||| 00| ||fre c | ||
| 020 | |a 9287103070 |9 92-871-0307-0 | ||
| 035 | |a (DE-627)1651065365 | ||
| 035 | |a (DE-576)021211469 | ||
| 035 | |a (DE-599)BSZ021211469 | ||
| 035 | |a (OCoLC)311295009 | ||
| 040 | |a DE-627 |b ger |c DE-627 |e rakwb | ||
| 041 | |a fre | ||
| 245 | 0 | 0 | |a Comportements et attitudes sexuels et leurs implications sur le droit pénal |b rapports présentés à la quinzième Conférence de Recherches Criminologiques (1982) |
| 246 | 3 | 3 | |a Sexual behaviour and attitudes and their implications for criminal law |
| 264 | 1 | |a Strasbourg |b Conseil de l'Europe |c 1984 | |
| 300 | |a 227 S. | ||
| 336 | |a Text |b txt |2 rdacontent | ||
| 337 | |a ohne Hilfsmittel zu benutzen |b n |2 rdamedia | ||
| 338 | |a Band |b nc |2 rdacarrier | ||
| 490 | 1 | |a Etudes relatives à la recherche criminologique |v 21 | |
| 490 | 1 | |a Rapports présentés à la ... Conférence de Recherches Criminologiques |v 15 | |
| 655 | 7 | |a Konferenzschrift |0 (DE-588)1071861417 |0 (DE-627)826484824 |0 (DE-576)433375485 |2 gnd-content | |
| 710 | 2 | |a Europarat |0 (DE-588)36821-0 |0 (DE-627)10084457X |0 (DE-576)190348828 |4 oth | |
| 711 | 2 | |a Conférence de Recherches Criminologiques |n 15 |d 1982 |c Straßburg |0 (DE-588)800682-9 |0 (DE-627)10219372X |0 (DE-576)192572377 |4 oth | |
| 776 | 0 | 8 | |i Engl. Ausg. u.d.T |a Sexual behaviour and attitudes and their implications for criminal law |
| 811 | 2 | |a Conférence de Recherches Criminologiques |t Rapports présentés à la ... Conférence de Recherches Criminologiques |v 15 |9 15 |w (DE-627)617508585 |w (DE-576)316224367 |w (DE-600)2534318-X |7 am | |
| 830 | 0 | |a Etudes relatives à la recherche criminologique |v 21 |9 21 |w (DE-627)166536806 |w (DE-576)014969610 |w (DE-600)216556-9 |x 0251-3536 |7 am | |
| 951 | |a BO | ||
| ELC | |b 1 | ||
| LOK | |0 000 xxxxxcx a22 zn 4500 | ||
| LOK | |0 001 3341792961 | ||
| LOK | |0 003 DE-627 | ||
| LOK | |0 004 1651065365 | ||
| LOK | |0 005 20020307000000 | ||
| LOK | |0 008 900802||||||||||||||||ger||||||| | ||
| LOK | |0 040 |a DE-21 |c DE-627 |d DE-21 | ||
| LOK | |0 852 |a DE-21 | ||
| LOK | |0 852 1 |c KB 7 E 45 |9 00 | ||
| LOK | |0 935 |a krim | ||
| LOK | |0 936ln |a k1 | ||
| LOK | |0 939 |a 02-08-90 |b l01 | ||
| ORI | |a SA-MARC-krimdoka001.raw | ||
| SIG | |a UB: KB 7 E 45 | ||
